| 000 | 00384nam a2200169Ia 4500 | ||
|---|---|---|---|
| 003 | OSt | ||
| 005 | 20240510112318.0 | ||
| 008 | 170619s9999 xx 000 0 und d | ||
| 020 | _a9780632052936 | ||
| 040 | _cIIMT ENGINEERING COLLEGE | ||
| 100 | _aLee- J.D | ||
| 245 | 0 | _aConcise Inorganic Chem. | |
| 260 | _bBlackwell | ||
| 260 | _c2000 | ||
| 546 | _aENGLISH | ||
| 942 |
_2ddc _c01 |
||
| 999 |
_c16026 _d16026 |
||